General topology. (Record no. 39171)

MARC details
000 -LEADER
fixed length control field 00960cam a2200265 4500
001 - CONTROL NUMBER
control field 1558235
005 - DATE AND TIME OF LATEST TRANSACTION
control field 20090420134219.0
008 - FIXED-LENGTH DATA ELEMENTS--GENERAL INFORMATION
fixed length control field 701123s1970 maua b 001 0 eng
010 ## - LIBRARY OF CONGRESS CONTROL NUMBER
LC control number 74100890
035 ## - SYSTEM CONTROL NUMBER
System control number (OCoLC)ocm00115240
035 ## - SYSTEM CONTROL NUMBER
System control number (NNC)1558235
040 ## - CATALOGING SOURCE
Original cataloging agency DLC
Transcribing agency DLC
Modifying agency OCL
-- ZCU
050 0# - LIBRARY OF CONGRESS CALL NUMBER
Classification number QA611
Item number .W55 1970
100 1# - MAIN ENTRY--PERSONAL NAME
Personal name Willard, Stephen,
Dates associated with a name 1941-
245 10 - TITLE STATEMENT
Title General topology.
Statement of responsibility, etc Stephen Willard
260 ## - PUBLICATION, DISTRIBUTION, ETC. (IMPRINT)
Place of publication, distribution, etc Mineola,New York,
Name of publisher, distributor, etc Dover Publications,Inc.
Date of publication, distribution, etc 1970
300 ## - PHYSICAL DESCRIPTION
Extent xii, 369 p.
Other physical details illus.
Dimensions 25 cm.
490 1# - SERIES STATEMENT
Series statement Addison-Wesley series in mathematics
504 ## - BIBLIOGRAPHY, ETC. NOTE
Bibliography, etc Bibliography: p. 323-344 and index
650 #0 - SUBJECT ADDED ENTRY--TOPICAL TERM
Topical term or geographic name as entry element Topology.
942 ## - ADDED ENTRY ELEMENTS (KOHA)
Source of classification or shelving scheme Library of Congress Classification
Item type Book
Holdings
Withdrawn status Lost status Source of classification or shelving scheme Damaged status Not for loan Collection code Home library Current library Shelving location Date acquired Source of acquisition Total Checkouts Full call number Barcode Copy number Price effective from Koha item type
    Library of Congress Classification     Non-fiction Bishop Okullu Memorial Library (Limuru Campus) Bishop Okullu Memorial Library (Limuru Campus) General Circulation 06/09/2011 purchase   QA611 .W55 1970 027985 1 06/09/2011 Book
    Library of Congress Classification     Non-fiction Nairobi Campus Nairobi Campus General Circulation 06/09/2011 purchase   QA611 .W55 1970 027986 2 06/09/2011 Book